[Event "19th EUR-ch"]
[Site "Batumi GEO"]
[Date "2018.03.19"]
[Round "3.40"]
[White "Nguyen, Thai Dai Van"]
[Black "Zhigalko, Sergei"]
[Result "1/2-1/2"]
[WhiteElo "2517"]
[BlackElo "2625"]
[EventDate "2018.03.17"]
[PlyCount "110"]

1.e4 e5 2.Nf3 Nc6 3.Bc4 Bc5 4.O-O Nf6 5.d3 d6 6.c3 a6 7.a4 Ba7 8.h3 Ne7 9.
Re1 Ng6 10.d4 O-O 11.Nbd2 h6 12.Bf1 Re8 13.dxe5 dxe5 14.Qc2 Nh5 15.Nc4 Qf6
16.Ne3 Be6 17.Nh2 Nhf4 18.Nf5 Nh4 19.Nxh4 Qxh4 20.Be3 Bxe3 21.Rxe3 Rad8 
22.Ree1 Qg5 23.Kh1 Bc4 24.Nf3 Qg6 25.Nh4 Qe6 26.Bxc4 Qxc4 27.Nf5 Rd7 28.
Ne3 Qd3 29.Qxd3 Nxd3 30.Re2 Red8 31.Nc4 b5 32.axb5 axb5 33.Ne3 Nc5 34.f3 
c6 35.b4 Ne6 36.Ra6 Nf4 37.Rea2 Rd3 38.Ng4 f6 39.Rxc6 Rd1+ 40.Kh2 R1d2 41.
Rxd2 Rxd2 42.Ne3 Re2 43.Nf5 Rxg2+ 44.Kh1 Rf2 45.Rc8+ Kh7 46.Rc7 Nh5 47.Nh4
Nf4 48.Nf5 Ne6 49.Re7 Ng5 50.Rxg7+ Kh8 51.Rb7 Nxf3 52.Rb8+ Kh7 53.Rb7+ Kh8
54.Rb8+ Kh7 55.Rb7+ Kh8 1/2-1/2

[Event "19th EUR-ch"]
[Site "Batumi GEO"]
[Date "2018.03.19"]
[Round "3.41"]
[White "Sprenger, Jan Michael"]
[Black "Bok, Benjamin"]
[Result "0-1"]
[WhiteElo "2513"]
[BlackElo "2622"]
[EventDate "2018.03.17"]
[PlyCount "70"]

1.e4 c6 2.d4 d5 3.Nd2 dxe4 4.Nxe4 Bf5 5.Ng3 Bg6 6.Nh3 Nf6 7.Nf4 Nbd7 8.Bc4
Qc7 9.O-O e6 10.Bxe6 fxe6 11.Nxe6 Qd6 12.Re1 Kf7 13.Bf4 Qb4 14.Nc7 Rc8 15.
Qe2 Kg8 16.c4 h6 17.Rac1 Qa5 18.a3 Rxc7 19.b4 Qxa3 20.Bxc7 Bxb4 21.Red1 
Kh7 22.Ra1 Qc3 23.Rxa7 Re8 24.Qf1 Bc2 25.Rc1 Qxd4 26.Rxb7 Bd2 27.Ne2 Qxc4 
28.Ng3 Qd5 29.Ra1 Bd3 30.Qd1 Re1+ 31.Qxe1 Bxe1 32.Rxe1 c5 33.Ra7 c4 34.h3 
Qd4 35.Ra3 Qc5 0-1

[Event "19th EUR-ch"]
[Site "Batumi GEO"]
[Date "2018.03.19"]
[Round "3.42"]
[White "Maghalashvili, Davit"]
[Black "Yilmaz, Mustafa"]
[Result "1/2-1/2"]
[WhiteElo "2508"]
[BlackElo "2619"]
[EventDate "2018.03.17"]
[PlyCount "24"]

1.Nf3 d5 2.g3 g6 3.Bg2 Bg7 4.d4 Nf6 5.O-O O-O 6.c4 c6 7.cxd5 cxd5 8.Ne5 
Ng4 9.Nf3 Nf6 10.Ne5 Ng4 11.Nf3 Nf6 12.Ne5 Ng4 1/2-1/2

[Event "19th EUR-ch"]
[Site "Batumi GEO"]
[Date "2018.03.19"]
[Round "3.44"]
[White "Kobo, Ori"]
[Black "Paravian, David"]
[Result "0-1"]
[WhiteElo "2500"]
[BlackElo "2613"]
[EventDate "2018.03.17"]
[PlyCount "60"]

1.Nf3 Nf6 2.c4 c5 3.d4 cxd4 4.Nxd4 e5 5.Nb5 d5 6.cxd5 Bc5 7.N5c3 O-O 8.g3 
Ng4 9.e3 f5 10.Be2 Nd7 11.a3 Ndf6 12.b4 Bb6 13.h3 Nh6 14.Qb3 Kh8 15.Ra2 
Bd7 16.Nd2 f4 17.exf4 exf4 18.g4 Rc8 19.Rc2 Nf7 20.Nf3 Qe8 21.O-O Nh6 22.
Kg2 Nhxg4 23.hxg4 Nxg4 24.Bd3 Ne5 25.Nxe5 Bh3+ 26.Kh2 Qxe5 27.Ne4 Bxf1 28.
Bxf1 Qxe4 29.Rxc8 Rxc8 30.Bb2 f3 0-1

[Event "19th EUR-ch"]
[Site "Batumi GEO"]
[Date "2018.03.19"]
[Round "3.45"]
[White "Ponkratov, Pavel"]
[Black "Hakobyan, Aram"]
[Result "1/2-1/2"]
[WhiteElo "2613"]
[BlackElo "2497"]
[EventDate "2018.03.17"]
[PlyCount "84"]

1.d4 e6 2.e4 d5 3.Nc3 Bb4 4.e5 c5 5.a3 Ba5 6.b4 cxd4 7.Qg4 Kf8 8.Nb5 Bc7 
9.f4 a5 10.Bd2 Nh6 11.Qh3 axb4 12.Bxb4+ Kg8 13.Bd3 Nc6 14.Nxc7 Qxc7 15.Bd2
Nf5 16.Ne2 h5 17.O-O Bd7 18.Rfb1 Ra7 19.Be1 Ra4 20.Bf2 Bc8 21.Qf3 Qe7 22.
Rb3 Na5 23.Rb5 Bd7 24.Be1 Bxb5 25.Bxb5 d3 26.Bxa4 dxe2 27.Qxe2 Nc4 28.Bb3 
Qc7 29.Bf2 Na5 30.Ba4 g6 31.Bb5 Nc4 32.a4 Kg7 33.h3 h4 34.Bxc4 dxc4 35.Rb1
Qc6 36.a5 Qd5 37.Qg4 Qxa5 38.Rxb7 Qd8 39.Kh2 Qd2 40.Qg5 Qd8 41.Qg4 Qd2 42.
Qg5 Qd8 1/2-1/2

[Event "19th EUR-ch"]
[Site "Batumi GEO"]
[Date "2018.03.19"]
[Round "3.46"]
[White "Goryachkina, Aleksandra"]
[Black "Bartel, Mateusz"]
[Result "0-1"]
[WhiteElo "2491"]
[BlackElo "2609"]
[EventDate "2018.03.17"]
[PlyCount "80"]

1.d4 Nf6 2.c4 e6 3.g3 d5 4.Bg2 Bb4+ 5.Nd2 O-O 6.Nf3 dxc4 7.a3 Bxd2+ 8.Bxd2
Nc6 9.e3 Rb8 10.O-O b5 11.b3 Ba6 12.Qc2 Qd7 13.bxc4 bxc4 14.Rfc1 Rb6 15.
Bc3 Rfb8 16.Nd2 h6 17.Qa4 Bb5 18.Qd1 Nd5 19.a4 Ba6 20.a5 Nxc3 21.Rxc3 Rb4 
22.Ne4 Ne7 23.Nc5 Qb5 24.Bf1 Nf5 25.e4 Nd6 26.Qc1 Bb7 27.Qe3 Rb1 28.Rxb1 
Qxb1 29.f3 Bc6 30.g4 Qa1 31.Rc1 Rb1 32.Rxb1 Qxb1 33.Qc3 Qd1 34.Kf2 Nb5 35.
Qxc4 Nxd4 36.Be2 Qd2 37.Nb3 Nxb3 38.Qxb3 Qxa5 39.Qb8+ Kh7 40.Qf8 Qd2 0-1

[Event "19th EUR-ch"]
[Site "Batumi GEO"]
[Date "2018.03.19"]
[Round "3.47"]
[White "Abasov, Nijat"]
[Black "Gabrielian, Artur"]
[Result "1-0"]
[WhiteElo "2608"]
[BlackElo "2493"]
[EventDate "2018.03.17"]
[PlyCount "73"]

1.e4 c5 2.Nf3 d6 3.Bb5+ Nc6 4.O-O Bd7 5.Re1 Nf6 6.c3 a6 7.Bf1 Bg4 8.h3 
Bxf3 9.Qxf3 e6 10.d3 Be7 11.Be3 O-O 12.Nd2 d5 13.a4 d4 14.Bf4 Nd7 15.e5 
Bg5 16.Bxg5 Qxg5 17.Nc4 Ndxe5 18.Nxe5 Nxe5 19.Qxb7 Rab8 20.Qe4 Ng6 21.cxd4
Rxb2 22.dxc5 Qxc5 23.d4 Qd6 24.a5 Rb4 25.Reb1 Rd8 26.Rxb4 Qxb4 27.Qc6 Qxd4
28.Rb1 Ne7 29.Qc7 Ng6 30.Bxa6 Nf8 31.Bf1 Rd7 32.Qc8 Rd8 33.Qb7 Rd7 34.a6 
g6 35.Qc6 Kg7 36.Rb8 Qa1 37.Qc5 1-0

[Event "19th EUR-ch"]
[Site "Batumi GEO"]
[Date "2018.03.19"]
[Round "3.48"]
[White "Arabidze, Meri"]
[Black "Andersen, Mads"]
[Result "0-1"]
[WhiteElo "2369"]
[BlackElo "2605"]
[EventDate "2018.03.17"]
[PlyCount "174"]

1.d4 Nf6 2.c4 g6 3.Nc3 Bg7 4.e4 d6 5.Bd3 O-O 6.Nge2 c5 7.d5 e6 8.O-O exd5 
9.exd5 Ng4 10.Bf4 Ne5 11.b3 a6 12.a4 Nbd7 13.Bc2 f5 14.Qd2 Nf7 15.h3 Nf6 
16.Rae1 Bd7 17.Be3 Qa5 18.Nf4 Rfe8 19.Nb1 Qxd2 20.Bxd2 b5 21.Ne6 bxa4 22.
bxa4 Bxe6 23.dxe6 Ne5 24.Bc3 Nxc4 25.Bb3 d5 26.Bxc4 dxc4 27.Nd2 Rad8 28.
Nxc4 Ne4 29.Bxg7 Kxg7 30.Rb1 Rxe6 31.Rb7+ Kh6 32.f4 Ng3 33.Ne5 Rxe5 34.
fxe5 Nxf1 35.Kxf1 Rd1+ 36.Kf2 Ra1 37.Rc7 Rxa4 38.Rxc5 Kg5 39.Rc7 Ra2+ 40.
Kf3 Ra3+ 41.Kf2 Ra5 42.Ra7 h6 43.Kf3 Ra3+ 44.Kf2 f4 45.Rf7 Ra5 46.Rf6 Ra2+
47.Kf1 Ra1+ 48.Kf2 Ra2+ 49.Kf1 Ra4 50.Rf8 Rb4 51.Rf6 a5 52.Ra6 a4 53.Kf2 
Rb2+ 54.Kf3 Rb3+ 55.Ke4 Re3+ 56.Kd5 a3 57.h4+ Kxh4 58.Rxg6 a2 59.Rxh6+ Kg3
60.Rg6+ Kh2 61.Ra6 Re2 62.e6 Kxg2 63.Kd6 f3 64.e7 f2 65.Rxa2 Rxa2 66.e8=Q 
Rd2+ 67.Kc7 f1=Q 68.Qg6+ Kh1 69.Qh6+ Rh2 70.Qc6+ Qg2 71.Qc1+ Qg1 72.Qc6+ 
Rg2 73.Kb7 Qb1+ 74.Ka8 Qa2+ 75.Kb7 Qb3+ 76.Ka8 Qa3+ 77.Kb7 Qe3 78.Qd5 Qe7+
79.Ka8 Qf8+ 80.Kb7 Qg7+ 81.Kc6 Kh2 82.Qd6+ Rg3 83.Qf4 Qg5 84.Qb8 Qf6+ 85.
Kd5 Kh3 86.Qc8+ Kh4 87.Qc4+ Rg4 0-1

[Event "19th EUR-ch"]
[Site "Batumi GEO"]
[Date "2018.03.19"]
[Round "3.49"]
[White "Martinovic, Sasa"]
[Black "Santos Ruiz, Miguel"]
[Result "0-1"]
[WhiteElo "2604"]
[BlackElo "2488"]
[EventDate "2018.03.17"]
[PlyCount "78"]

1.d4 Nf6 2.c4 e6 3.Nc3 Bb4 4.e3 O-O 5.Ne2 d5 6.a3 Be7 7.cxd5 exd5 8.Nf4 c6
9.Bd3 Re8 10.O-O Nbd7 11.f3 Nf8 12.Bd2 Ne6 13.Nfe2 c5 14.Be1 a6 15.Rc1 b5 
16.dxc5 Bxc5 17.Bf2 Bb7 18.Nd4 Rc8 19.Qd2 Nd7 20.a4 b4 21.Nce2 Ne5 22.Bb1 
a5 23.b3 Ba6 24.Rfd1 Qf6 25.Kh1 Bb6 26.Nf5 Nc5 27.Ned4 Ned3 28.Bh4 g5 29.
Rxc5 Bxc5 30.Bxd3 Bxd3 31.Bxg5 Qxg5 32.Qxd3 Bxd4 33.h4 Qg6 34.exd4 Rc3 35.
Qb5 Qc6 36.Qxa5 Rc1 37.Rg1 Rxg1+ 38.Kxg1 Qc1+ 39.Kh2 Qf4+ 0-1

[Event "19th EUR-ch"]
[Site "Batumi GEO"]
[Date "2018.03.19"]
[Round "3.50"]
[White "Jojua, Davit"]
[Black "Bellaiche, Anthony"]
[Result "1-0"]
[WhiteElo "2601"]
[BlackElo "2485"]
[EventDate "2018.03.17"]
[PlyCount "95"]

1.c4 c6 2.Nf3 d5 3.e3 Nf6 4.Nc3 e6 5.b3 Bd6 6.Bb2 O-O 7.Be2 e5 8.cxd5 cxd5
9.Nb5 Nc6 10.Nxd6 Qxd6 11.Qc1 Bg4 12.Ba3 Nb4 13.Qc3 Nc2+ 14.Qxc2 Qxa3 15.
Nxe5 Rac8 16.Qb1 Bxe2 17.Kxe2 Rfe8 18.Nf3 Ne4 19.Rc1 Qa6+ 20.Ke1 Rxc1+ 21.
Qxc1 g5 22.Nd4 Qd6 23.d3 Nc5 24.Ke2 b6 25.h3 Qh2 26.Nf5 Qxg2 27.Qg1 Qxg1 
28.Rxg1 Ne6 29.d4 f6 30.Rc1 h5 31.Kf1 Kh7 32.Nd6 Re7 33.Nc8 Rd7 34.Rc6 Ng7
35.Rxf6 Rc7 36.Nd6 Kg8 37.Kg2 Rc2 38.Rg6 Rc6 39.Rf6 h4 40.Ne4 Ne6 41.Nxg5 
Nxd4 42.Rxc6 Nxc6 43.Nf3 Nb4 44.a3 Nc2 45.a4 a5 46.Kf1 Kf7 47.Ke2 Ke6 48.
Kd2 1-0

[Event "19th EUR-ch"]
[Site "Batumi GEO"]
[Date "2018.03.19"]
[Round "3.51"]
[White "Mchedlishvili, Mikheil"]
[Black "Girya, Olga"]
[Result "1-0"]
[WhiteElo "2600"]
[BlackElo "2482"]
[EventDate "2018.03.17"]
[PlyCount "81"]

1.d4 d5 2.c4 c6 3.Nf3 Nf6 4.Nc3 e6 5.g3 Nbd7 6.Bg2 dxc4 7.a4 Bb4 8.O-O O-O
9.Qc2 a5 10.Rd1 Nb6 11.e4 Bd7 12.Ne5 Be8 13.Na2 Be7 14.Be3 Nfd7 15.Nxc4 
Nxc4 16.Qxc4 b5 17.Qc2 Nb6 18.b3 Rc8 19.Nc1 f6 20.Nd3 Bf7 21.Bh3 Re8 22.
Nc5 Bf8 23.Qe2 bxa4 24.bxa4 Qc7 25.Rab1 Bxc5 26.dxc5 Nd7 27.Rd6 Rb8 28.
Rbd1 Nf8 29.e5 fxe5 30.Bg2 Red8 31.Rxc6 Rxd1+ 32.Qxd1 Qe7 33.Rb6 Rd8 34.
Qa1 Bh5 35.Rb1 Bg6 36.Rc1 Qc7 37.c6 Bd3 38.Qb2 Rb8 39.Qc3 Bf5 40.Qc5 Ng6 
41.Qa7 1-0

[Event "19th EUR-ch"]
[Site "Batumi GEO"]
[Date "2018.03.19"]
[Round "3.52"]
[White "Martynov, Roman"]
[Black "Kobalia, Mikhail"]
[Result "0-1"]
[WhiteElo "2319"]
[BlackElo "2599"]
[EventDate "2018.03.17"]
[PlyCount "100"]

1.d4 f5 2.Nf3 Nf6 3.g3 g6 4.Bg2 Bg7 5.O-O O-O 6.b3 d6 7.Bb2 Ne4 8.c4 Nc6 
9.Nbd2 e5 10.dxe5 Nxd2 11.Qxd2 dxe5 12.Qd5+ Kh8 13.Qxd8 Rxd8 14.Rfd1 Re8 
15.e4 f4 16.Bc3 a5 17.Rd2 h6 18.Ne1 g5 19.Nd3 Rf8 20.a3 Kh7 21.f3 b6 22.a4
h5 23.Rf1 Be6 24.gxf4 exf4 25.Bxg7 Kxg7 26.h4 gxh4 27.Kh2 Rad8 28.Rfd1 Kh6
29.Bh3 Bg8 30.Kg2 Rd4 31.Kf2 Rd6 32.Ne1 Rfd8 33.Rxd6+ Rxd6 34.Nd3 Ne5 35.
Ke2 Rxd3 36.Rxd3 Nxd3 37.Kxd3 Kg5 38.Kd4 Kf6 39.Kd3 Ke5 40.Bc8 Bf7 41.Bd7 
Kd6 42.Bh3 c6 43.Bc8 Be8 44.Bh3 b5 45.axb5 cxb5 46.Kd4 bxc4 47.bxc4 Bd7 
48.e5+ Ke7 49.Bxd7 Kxd7 50.Kd5 h3 0-1

[Event "19th EUR-ch"]
[Site "Batumi GEO"]
[Date "2018.03.19"]
[Round "3.53"]
[White "Kovchan, Alexander"]
[Black "Drori, Saar"]
[Result "1-0"]
[WhiteElo "2596"]
[BlackElo "2420"]
[EventDate "2018.03.17"]
[PlyCount "79"]

1.e4 c5 2.Nf3 d6 3.d4 cxd4 4.Nxd4 Nf6 5.Nc3 a6 6.Be2 e5 7.Nb3 Be7 8.O-O 
O-O 9.Be3 Be6 10.Qd2 Nbd7 11.a4 Nb6 12.a5 Nc4 13.Bxc4 Bxc4 14.Rfd1 Rc8 15.
f3 h6 16.Nc1 Qc7 17.Bb6 Qb8 18.N1a2 Be6 19.Nb4 Rc4 20.Na4 Nd7 21.b3 Rcc8 
22.Be3 f5 23.Nd5 Bd8 24.exf5 Rxf5 25.c4 Nf6 26.Nab6 Bxb6 27.Ne7+ Kf7 28.
Nxf5 Bxe3+ 29.Nxe3 Rd8 30.Qe1 Qa7 31.Qf2 Qc5 32.Ng4 Qxf2+ 33.Nxf2 Ke7 34.
Nd3 Nd7 35.Rd2 Rc8 36.Rad1 Nb8 37.Nf2 Rd8 38.Ne4 Nc6 39.Rxd6 Rxd6 40.Rxd6 
1-0

[Event "19th EUR-ch"]
[Site "Batumi GEO"]
[Date "2018.03.19"]
[Round "3.54"]
[White "Wojtaszek, Radoslaw"]
[Black "Kalashian, David"]
[Result "1-0"]
[WhiteElo "2738"]
[BlackElo "2399"]
[EventDate "2018.03.17"]
[PlyCount "97"]

1.d4 Nf6 2.c4 g6 3.Nc3 Bg7 4.e4 d6 5.Nf3 Bg4 6.Be2 Nfd7 7.Ng1 Bxe2 8.Ngxe2
c5 9.d5 Na6 10.O-O Nc7 11.a4 Na6 12.f4 Nb4 13.Be3 O-O 14.Qd2 a6 15.Ng3 b5 
16.axb5 Nb6 17.b3 axb5 18.Rxa8 Nxa8 19.Nxb5 Nc7 20.Nc3 Nba6 21.e5 Qb8 22.
Rb1 dxe5 23.f5 Ne8 24.Nce4 Nd6 25.Nxd6 exd6 26.Qf2 f6 27.Ne4 Nb4 28.g4 g5 
29.Qd2 Rf7 30.Ra1 Bf8 31.Kg2 Be7 32.Ra4 h5 33.gxh5 Qc8 34.Ng3 Bf8 35.Qe2 
Qb8 36.Bf2 Ra7 37.Ne4 Rxa4 38.bxa4 Be7 39.h4 gxh4 40.Qg4+ Kh8 41.a5 Qf8 
42.Bxh4 Nd3 43.a6 Qb8 44.h6 Nf4+ 45.Kh2 Qb2+ 46.Bf2 Bf8 47.a7 Qa2 48.Qh4 
Be7 49.Qg3 1-0

[Event "19th EUR-ch"]
[Site "Batumi GEO"]
[Date "2018.03.19"]
[Round "3.55"]
[White "Miron, Lucian-Costin"]
[Black "Ponomariov, Ruslan"]
[Result "1/2-1/2"]
[WhiteElo "2471"]
[BlackElo "2697"]
[EventDate "2018.03.17"]
[PlyCount "65"]

1.d4 Nf6 2.c4 g6 3.Nc3 d5 4.Nf3 Bg7 5.e3 O-O 6.Qb3 e6 7.Be2 Nc6 8.O-O Na5 
9.Qa4 Nxc4 10.Bxc4 dxc4 11.Qxc4 a6 12.e4 b5 13.Qe2 Bb7 14.e5 Nd7 15.Ne4 h6
16.Re1 Qe7 17.Bd2 Rfc8 18.Rac1 Bxe4 19.Qxe4 c5 20.dxc5 Nxc5 21.Bb4 Nxe4 
22.Bxe7 Rxc1 23.Rxc1 Ra7 24.Bb4 a5 25.Rc8+ Kh7 26.Be1 Rd7 27.Kf1 g5 28.h3 
b4 29.Rc4 f5 30.exf6 Nxf6 31.a3 Nd5 32.axb4 axb4 33.Bxb4 1/2-1/2

[Event "19th EUR-ch"]
[Site "Batumi GEO"]
[Date "2018.03.19"]
[Round "3.56"]
[White "Cheparinov, Ivan"]
[Black "Minasian, Artashes"]
[Result "1-0"]
[WhiteElo "2693"]
[BlackElo "2467"]
[EventDate "2018.03.17"]
[PlyCount "81"]

1.e4 c6 2.d4 d5 3.Nd2 g6 4.Bd3 Bg7 5.c3 dxe4 6.Nxe4 Bf5 7.Nf3 Nd7 8.Qe2 
Bxe4 9.Bxe4 Ngf6 10.Bc2 Qc7 11.O-O e6 12.Re1 O-O 13.Bg5 a5 14.a4 Nd5 15.
Bh4 Bh6 16.Rad1 Rae8 17.Ne5 f5 18.Nf3 Bg7 19.Bg3 f4 20.Bh4 e5 21.Be4 N5f6 
22.Bxf6 Bxf6 23.d5 cxd5 24.Bxd5+ Kg7 25.Qb5 Re7 26.Nd2 Nc5 27.b4 axb4 28.
cxb4 Na6 29.Ne4 Rd8 30.h3 Bh4 31.a5 Red7 32.Rc1 Qb8 33.Be6 Rd4 34.Rc4 Be7 
35.Rec1 Bxb4 36.Rxd4 exd4 37.Bc8 d3 38.Bxb7 d2 39.Rd1 Nc5 40.Qxb4 Nxb7 41.
a6 1-0

[Event "19th EUR-ch"]
[Site "Batumi GEO"]
[Date "2018.03.19"]
[Round "3.57"]
[White "Kravtsiv, Martyn"]
[Black "Yankelevich, Lev"]
[Result "1-0"]
[WhiteElo "2685"]
[BlackElo "2437"]
[EventDate "2018.03.17"]
[PlyCount "43"]

1.d4 Nf6 2.Bf4 g6 3.Nc3 d5 4.e3 Bg7 5.h4 c5 6.Be2 h5 7.Nf3 Nc6 8.dxc5 O-O 
9.O-O Bg4 10.Ne5 Bxe2 11.Qxe2 Ne4 12.Nxe4 Nxe5 13.Rad1 e6 14.Ng5 Rc8 15.e4
Rxc5 16.b4 Rc8 17.Bxe5 Bxe5 18.exd5 Qf6 19.dxe6 fxe6 20.Rd3 Rc4 21.Re3 Bf4
22.Qxc4 1-0

[Event "19th EUR-ch"]
[Site "Batumi GEO"]
[Date "2018.03.19"]
[Round "3.58"]
[White "Beradze, Irakli"]
[Black "Sutovsky, Emil"]
[Result "1/2-1/2"]
[WhiteElo "2464"]
[BlackElo "2659"]
[EventDate "2018.03.17"]
[PlyCount "90"]

1.Nf3 Nf6 2.c4 g6 3.g3 Bg7 4.Bg2 O-O 5.O-O d6 6.d4 Ne4 7.Nbd2 Nxd2 8.Bxd2 
e5 9.dxe5 dxe5 10.Bb4 Re8 11.Qxd8 Rxd8 12.Rfd1 Rxd1+ 13.Rxd1 Nc6 14.Bc3 
Bg4 15.Rd2 Re8 16.Ne1 e4 17.Bxg7 Kxg7 18.Nc2 Re5 19.b3 a5 20.f4 e3 21.Rd3 
Bxe2 22.Rxe3 Rxe3 23.Nxe3 Bd3 24.Bxc6 bxc6 25.c5 Bb1 26.a3 Ba2 27.b4 axb4 
28.axb4 Kf6 29.Kf2 h5 30.Kf3 Be6 31.Ke4 Ba2 32.Kd4 Ke6 33.Ke4 Bb1+ 34.Kf3 
Bf5 35.Ke2 Bb1 36.Kd2 Be4 37.Kc3 Bb1 38.Kd4 Ba2 39.h3 Bb3 40.Ke4 Kf6 41.
Kd4 Be6 42.h4 Bb3 43.Ke4 Ba2 44.Nd1 Bd5+ 45.Kd4 Bb3 1/2-1/2

[Event "19th EUR-ch"]
[Site "Batumi GEO"]
[Date "2018.03.19"]
[Round "3.59"]
[White "Pijpers, Arthur"]
[Black "Rakhmanov, Aleksandr"]
[Result "0-1"]
[WhiteElo "2453"]
[BlackElo "2655"]
[EventDate "2018.03.17"]
[PlyCount "64"]

1.e4 d5 2.exd5 Qxd5 3.Nc3 Qd6 4.d4 g6 5.Nf3 Bg7 6.Nb5 Qd8 7.Bf4 Na6 8.Be5 
Nf6 9.c4 O-O 10.Nc3 c5 11.d5 e6 12.Be2 exd5 13.cxd5 Nb4 14.d6 Re8 15.O-O 
Bg4 16.Bg3 Nh5 17.Bh4 Bf6 18.Bxf6 Qxf6 19.h3 Bd7 20.Re1 Rad8 21.a3 Nc6 22.
Nd2 Nf4 23.Nde4 Qe5 24.Bc4 Nd4 25.Re3 Kg7 26.Qd2 b5 27.Ba2 Nf5 28.Ree1 
Nxg2 29.f4 Nxe1 30.Rxe1 Qd4+ 31.Qxd4+ cxd4 32.Nd5 Nxd6 0-1

[Event "19th EUR-ch"]
[Site "Batumi GEO"]
[Date "2018.03.19"]
[Round "3.60"]
[White "Meier, Georg"]
[Black "Gadimbayli, Abdulla"]
[Result "1/2-1/2"]
[WhiteElo "2648"]
[BlackElo "2416"]
[EventDate "2018.03.17"]
[PlyCount "48"]

1.Nf3 e6 2.g3 b6 3.Bg2 Bb7 4.c4 Nf6 5.O-O Be7 6.d4 O-O 7.Nc3 Ne4 8.Bd2 f5 
9.Ne5 Bf6 10.Nxe4 Bxe4 11.Bxe4 fxe4 12.Bc3 d5 13.b4 Qd6 14.Qa4 c5 15.bxc5 
bxc5 16.Qa3 Bxe5 17.dxe5 Qc6 18.cxd5 exd5 19.Rac1 Nd7 20.Bd4 Rac8 21.e6 
Qxe6 22.Bxc5 Nxc5 23.Rxc5 Qe7 24.Rfc1 Rcd8 1/2-1/2

[Event "19th EUR-ch"]
[Site "Batumi GEO"]
[Date "2018.03.19"]
[Round "3.61"]
[White "Draskovic, Luka"]
[Black "Krasenkow, Michal"]
[Result "1/2-1/2"]
[WhiteElo "2447"]
[BlackElo "2644"]
[EventDate "2018.03.17"]
[PlyCount "57"]

1.c4 e5 2.Nc3 Bb4 3.Nd5 Bc5 4.Nf3 c6 5.Nc3 d6 6.g3 Nf6 7.Bg2 O-O 8.d4 exd4
9.Nxd4 Nbd7 10.O-O Nb6 11.b3 d5 12.cxd5 Nbxd5 13.Nxd5 Nxd5 14.Bb2 Qb6 15.
e3 Rd8 16.Qf3 Ne7 17.Rfd1 a5 18.Bf1 Ng6 19.h4 Re8 20.Nf5 Ne5 21.Qf4 Bxf5 
22.Qxf5 g6 23.Qf4 Qc7 24.h5 Qe7 25.Be2 Ba3 26.Bc3 Bb4 27.Bb2 Ba3 28.Bc3 
Bb4 29.Bb2 1/2-1/2

[Event "19th EUR-ch"]
[Site "Batumi GEO"]
[Date "2018.03.19"]
[Round "3.62"]
[White "Bernotas, Arturs"]
[Black "Parligras, Mircea-Emilian"]
[Result "0-1"]
[WhiteElo "2436"]
[BlackElo "2642"]
[EventDate "2018.03.17"]
[PlyCount "90"]

1.e4 c5 2.Nf3 e6 3.c3 Nf6 4.e5 Nd5 5.g3 d6 6.exd6 Bxd6 7.Bg2 O-O 8.O-O Nc6
9.d4 Bd7 10.dxc5 Bxc5 11.Qe2 Qe7 12.c4 Nf6 13.Nc3 Rfd8 14.Rd1 Be8 15.Bg5 
h6 16.Bxf6 Qxf6 17.Ne4 Qe7 18.Nxc5 Qxc5 19.b3 a5 20.Qe3 Qa3 21.Nd4 Qd6 22.
Bxc6 bxc6 23.Rd2 c5 24.Nf3 Qb6 25.Rad1 Rxd2 26.Rxd2 a4 27.Ne5 axb3 28.axb3
Ra1+ 29.Kg2 Rb1 30.Qd3 Rxb3 31.Qd8 Qxd8 32.Rxd8 Kf8 33.Rc8 Ke7 34.f4 Rc3 
35.Rc7+ Kd6 36.Rc8 f6 37.Rxe8 fxe5 38.Rd8+ Ke7 39.Rc8 exf4 40.Rxc5 Kd6 41.
Rc8 g5 42.Rh8 f3+ 43.Kf2 e5 44.Rxh6+ Kc5 45.h4 g4 0-1

[Event "19th EUR-ch"]
[Site "Batumi GEO"]
[Date "2018.03.19"]
[Round "3.63"]
[White "Onischuk, Vladimir"]
[Black "Baghdasarian, Vahe"]
[Result "1-0"]
[WhiteElo "2632"]
[BlackElo "2431"]
[EventDate "2018.03.17"]
[PlyCount "57"]

1.e4 c5 2.Ne2 Nf6 3.Nbc3 Nc6 4.g3 d6 5.Bg2 g6 6.d4 cxd4 7.Nxd4 Bd7 8.Nb3 
Bg7 9.h3 Ne5 10.a4 Rc8 11.O-O h5 12.Re1 Nc4 13.a5 b5 14.axb6 axb6 15.Nd4 
g5 16.Nf5 Bxf5 17.exf5 g4 18.Ra7 Rc7 19.Rxc7 Qxc7 20.hxg4 hxg4 21.Nd5 Nxd5
22.Qxg4 Kf8 23.Bxd5 Nxb2 24.Bg5 Qc3 25.Bxe7+ Kg8 26.Re4 Nd3 27.Bxf7+ Kxf7 
28.Qg6+ Kg8 29.Qe6+ 1-0

[Event "19th EUR-ch"]
[Site "Batumi GEO"]
[Date "2018.03.19"]
[Round "3.64"]
[White "Oparin, Grigoriy"]
[Black "Berchtenbreiter, Maximilian"]
[Result "1-0"]
[WhiteElo "2622"]
[BlackElo "2414"]
[EventDate "2018.03.17"]
[PlyCount "109"]

1.Nf3 d5 2.g3 Nf6 3.Bg2 Bf5 4.O-O e6 5.c4 c6 6.cxd5 exd5 7.d3 Be7 8.Qb3 
Qb6 9.Qc2 h6 10.Nc3 O-O 11.e4 Bh7 12.Be3 Qd8 13.Rad1 Na6 14.Qb3 Ng4 15.Bd4
dxe4 16.dxe4 Qc7 17.e5 Rad8 18.h3 Rxd4 19.Rxd4 Nxe5 20.Nxe5 Qxe5 21.Qd1 
Bf6 22.Rd6 Re8 23.Rd2 Bf5 24.Re2 Qb8 25.Rxe8+ Qxe8 26.Re1 Qf8 27.Ne4 Be7 
28.Qd4 Qb8 29.a3 Nc7 30.Qe5 Be6 31.Nc5 Bf6 32.Qd6 Qc8 33.Nxe6 Nxe6 34.h4 
Qf8 35.Qd7 Nc5 36.Qd2 Bxb2 37.Qxb2 Nd3 38.Qd2 Nxe1 39.Qxe1 Qxa3 40.Qe5 Qf8
41.Qc7 Qa8 42.Bf1 a5 43.Bc4 a4 44.Qxf7+ Kh8 45.g4 b5 46.Be6 Qd8 47.g5 c5 
48.Bd7 Qb8 49.gxh6 gxh6 50.Qf6+ Kh7 51.Bf5+ Kg8 52.Qxh6 Kf7 53.Qh7+ Kf6 
54.Qg6+ Ke7 55.Qg7+ 1-0

[Event "19th EUR-ch"]
[Site "Batumi GEO"]
[Date "2018.03.19"]
[Round "3.65"]
[White "Zavhorodnii, Serhii"]
[Black "Antipov, Mikhail"]
[Result "1/2-1/2"]
[WhiteElo "2430"]
[BlackElo "2616"]
[EventDate "2018.03.17"]
[PlyCount "60"]

1.b3 Nf6 2.Bb2 g6 3.Nf3 Bg7 4.e3 O-O 5.c4 c6 6.Be2 d5 7.O-O Nbd7 8.d3 a5 
9.a3 Nc5 10.b4 axb4 11.axb4 Rxa1 12.Bxa1 Na6 13.b5 cxb5 14.cxb5 Nc5 15.Qc2
b6 16.Ne5 Bb7 17.Nc6 Qd7 18.Rc1 Rc8 19.Nd2 Ne8 20.d4 Ne6 21.Bb2 Nd8 22.Qb3
Nxc6 23.bxc6 Rxc6 24.Rxc6 Qxc6 25.Bb5 Qc8 26.Bxe8 Qxe8 27.Qxb6 Qc8 28.h3 
Ba6 29.Ba3 Bf6 30.Nf3 h5 1/2-1/2

[Event "19th EUR-ch"]
[Site "Batumi GEO"]
[Date "2018.03.19"]
[Round "3.66"]
[White "Zarubitski, Viachaslau"]
[Black "Can, Emre"]
[Result "1/2-1/2"]
[WhiteElo "2425"]
[BlackElo "2603"]
[EventDate "2018.03.17"]
[PlyCount "85"]

1.e4 c6 2.Nf3 d5 3.Nc3 Nf6 4.e5 Ne4 5.Ne2 Qb6 6.d4 e6 7.Ng3 c5 8.c3 Nc6 9.
Bd3 Nxg3 10.hxg3 cxd4 11.cxd4 Bd7 12.Kf1 Rc8 13.Rxh7 Rxh7 14.Bxh7 g6 15.
Kg1 Be7 16.Rb1 Qa6 17.a3 Nd8 18.Bh6 Qa4 19.b3 Qxa3 20.Ra1 Qb2 21.Rxa7 Bb5 
22.Ra1 Be2 23.Qe1 Bxf3 24.gxf3 Qxd4 25.Kg2 Nc6 26.Bg7 Nb4 27.Rd1 Qc3 28.
Qe2 Kd7 29.f4 Ra8 30.f5 gxf5 31.Bxf5 Ra2 32.Qb5+ Qc6 33.Bd3 Bc5 34.Rc1 
Rxf2+ 35.Kh3 Nxd3 36.Qxd3 d4 37.b4 Rf3 38.Qb1 Rf2 39.bxc5 Qg2+ 40.Kh4 Rf5 
41.c6+ Ke8 42.Qc2 Rh5+ 43.Kxh5 1/2-1/2

[Event "19th EUR-ch"]
[Site "Batumi GEO"]
[Date "2018.03.19"]
[Round "3.67"]
[White "Bindrich, Falko"]
[Black "Abdulov, Orkhan"]
[Result "1-0"]
[WhiteElo "2602"]
[BlackElo "2412"]
[EventDate "2018.03.17"]
[PlyCount "53"]

1.Nf3 Nf6 2.c4 g6 3.b3 Bg7 4.Bb2 c5 5.g3 b6 6.Bg2 Bb7 7.O-O O-O 8.Nc3 d5 
9.e3 dxc4 10.bxc4 Nc6 11.d3 Qd7 12.Qe2 Rfd8 13.Rad1 Rac8 14.h3 e6 15.g4 
Qe7 16.Nh2 e5 17.Nf3 h6 18.Nd2 Rd7 19.Nde4 Rcd8 20.Nxf6+ Qxf6 21.f4 exf4 
22.Rxf4 Qe5 23.Rf2 Nb4 24.Bxb7 Nxd3 25.Rxd3 Rxd3 26.Nd5 Qb8 27.Qxd3 1-0

[Event "19th EUR-ch"]
[Site "Batumi GEO"]
[Date "2018.03.19"]
[Round "3.68"]
[White "Sousa, Andre Ventura"]
[Black "Bologan, Viorel"]
[Result "0-1"]
[WhiteElo "2417"]
[BlackElo "2600"]
[EventDate "2018.03.17"]
[PlyCount "88"]

1.e4 c5 2.Nf3 e6 3.b3 b6 4.Bd3 d6 5.Bb2 Nd7 6.O-O Bb7 7.Qe2 Ngf6 8.c4 Rg8 
9.Bc2 g5 10.d4 g4 11.Nfd2 cxd4 12.Bxd4 Bh6 13.Nc3 Nh5 14.Rfd1 Nf4 15.Qe1 
a6 16.b4 Kf8 17.Nf1 Rc8 18.c5 bxc5 19.bxc5 dxc5 20.Be3 Qc7 21.Ne2 Nxe2+ 
22.Qxe2 Bxe3 23.Qxe3 Nf6 24.Rab1 Ba8 25.e5 Nd5 26.Qh6+ Rg7 27.Re1 Qe7 28.
Bxh7 Qg5 29.Qxg5 Rxg5 30.Bd3 a5 31.Nd2 Nf4 32.Ba6 Rd8 33.Nb3 Nxg2 34.Red1 
Rxd1+ 35.Rxd1 Bf3 36.Rc1 Rxe5 37.Nxa5 Nf4 38.Nb3 Ke7 39.Nxc5 Re2 40.Nd3 
Nh3+ 41.Kf1 Rxa2 42.Bc4 Rd2 43.Ke1 Re2+ 44.Kf1 Kf6 0-1

[Event "19th EUR-ch"]
[Site "Batumi GEO"]
[Date "2018.03.19"]
[Round "3.69"]
[White "Erenberg, Ariel"]
[Black "Hracek, Zbynek"]
[Result "1/2-1/2"]
[WhiteElo "2415"]
[BlackElo "2589"]
[EventDate "2018.03.17"]
[PlyCount "88"]

1.d4 Nf6 2.c4 e6 3.Nc3 Bb4 4.Qc2 O-O 5.a3 Bxc3+ 6.Qxc3 d6 7.f3 c5 8.dxc5 
dxc5 9.Bf4 Qd4 10.Qxd4 cxd4 11.e3 dxe3 12.Bxe3 e5 13.Bd3 Be6 14.Ne2 Nc6 
15.b3 Rfd8 16.O-O-O e4 17.fxe4 Ng4 18.Bg1 b5 19.cxb5 Na5 20.Bc2 Rxd1+ 21.
Bxd1 Nxb3+ 22.Bxb3 Bxb3 23.Bd4 f6 24.Nc3 Kf7 25.a4 Ke6 26.Kb2 Bc4 27.Ka3 
Ne5 28.Kb4 a5+ 29.Kc5 Bb3 30.Bxe5 Rc8+ 31.Kb6 Kxe5 32.Rc1 Bxa4 33.Kxa5 Rc4
34.Ka6 h5 35.b6 Bc6 36.Ka7 h4 37.h3 Bxe4 38.b7 Bxb7 39.Kxb7 Rb4+ 40.Kc6 
Rb2 41.Re1+ Kf4 42.Re4+ Kg3 43.Rg4+ Kh2 44.Rxh4 Rxg2 1/2-1/2